Aircraft engine controls : design, system analysis, and health monitoring (Record no. 83874)

MARC details
000 -LEADER
fixed length control field 01575nam a2200241 a 4500
008 - FIXED-LENGTH DATA ELEMENTS--GENERAL INFORMATION
fixed length control field 190823s2009 ||||||||||||||||| || u
020 ## - INTERNATIONAL STANDARD BOOK NUMBER
International Standard Book Number 9781600867057
050 ## - LIBRARY OF CONGRESS CALL NUMBER
Classification number TL 709.5. C57 Jaw
100 ## - MAIN ENTRY--PERSONAL NAME
Personal name Jaw, Link C
245 10 - TITLE STATEMENT
Title Aircraft engine controls : design, system analysis, and health monitoring
Statement of responsibility, etc. By Link C. Jaw with jack D. Mattingly
260 ## - PUBLICATION, DISTRIBUTION, ETC.
Place of publication, distribution, etc. Reston
Name of publisher, distributor, etc. American Institute of Aeronautics and Astronautics
Date of publication, distribution, etc. 2009
300 ## - PHYSICAL DESCRIPTION
Extent xx, 361 pages [various plates] : illustrations
350 ## -
-- 77.36
650 ## - SUBJECT ADDED ENTRY--TOPICAL TERM
Topical term or geographic name entry element AIRCRAFT GAS--TURBINES--INSPECTION
650 ## - SUBJECT ADDED ENTRY--TOPICAL TERM
Topical term or geographic name entry element AIRCRAFT GAS--TURBINES--DESIGN AND CONSTRUCTION
650 ## - SUBJECT ADDED ENTRY--TOPICAL TERM
Topical term or geographic name entry element AIRPLANES--TURBOJET ENGINES--CONTROL SYSTEMS
700 ## - ADDED ENTRY--PERSONAL NAME
Personal name Mattingly, Jack D
995 ## -
-- MAIN LIBRARY OPEN ACCESS
-- 749588
-- CBU-MAIN LIBRARY (Kitwe)
-- 77.36
-- TL 709.5. C57 Jaw
-- 2
-- AVAILABLE
-- Aug 26, 2019
-- 749588
-- Main Library Open Access Collection
995 ## -
-- MAIN LIBRARY OPEN ACCESS
-- 749607
-- CBU-MAIN LIBRARY (Kitwe)
-- 77.36
-- TL 709.5. C57 Jaw
-- 3
-- AVAILABLE
-- Aug 26, 2019
-- 749607
-- Main Library Open Access Collection
995 ## -
-- MAIN LIBRARY OPEN ACCESS
-- 749609
-- CBU-MAIN LIBRARY (Kitwe)
-- 77.36
-- TL 709.5. C57 Jaw
-- 5
-- AVAILABLE
-- Aug 26, 2019
-- 749609
-- Main Library Open Access Collection
995 ## -
-- MAIN LIBRARY OPEN ACCESS
-- 749608
-- CBU-MAIN LIBRARY (Kitwe)
-- 77.36
-- TL 709.5. C57 Jaw
-- 4
-- AVAILABLE
-- Aug 26, 2019
-- 749608
-- Main Library Open Access Collection
995 ## -
-- MAIN LIBRARY OPEN ACCESS
-- 749587
-- CBU-MAIN LIBRARY (Kitwe)
-- 77.36
-- TL 709.5. C57 Jaw
-- 1
-- AVAILABLE
-- Aug 26, 2019
-- 749587
-- Main Library Open Access Collection
999 ## -
-- 83874
-- 83874
Holdings
Withdrawn status Lost status Source of classification or shelving scheme Damaged status Not for loan Permanent Location Current Location Shelving location Date acquired Total Checkouts Full call number Barcode Date last seen Copy number Price effective from Koha item type
          CBU-MAIN LIBRARY, KITWE. CBU-MAIN LIBRARY, KITWE.   01/08/2024   TL 709.5. C57 Jaw 749588 01/08/2024 1 01/08/2024 MONOGRAPH
          CBU-MAIN LIBRARY, KITWE. CBU-MAIN LIBRARY, KITWE.   01/08/2024   TL 709.5. C57 Jaw 749607 01/08/2024 2 01/08/2024 MONOGRAPH
          CBU-MAIN LIBRARY, KITWE. CBU-MAIN LIBRARY, KITWE.   01/08/2024   TL 709.5. C57 Jaw 749609 01/08/2024 3 01/08/2024 MONOGRAPH
          CBU-MAIN LIBRARY, KITWE. CBU-MAIN LIBRARY, KITWE.   01/08/2024   TL 709.5. C57 Jaw 749608 01/08/2024 4 01/08/2024 MONOGRAPH
          CBU-MAIN LIBRARY, KITWE. CBU-MAIN LIBRARY, KITWE.   01/08/2024   TL 709.5. C57 Jaw 749587 01/08/2024 5 01/08/2024 MONOGRAPH